| 000 | 01538cam a2200397 a 4500 | ||
|---|---|---|---|
| 001 | 15712085 | ||
| 003 | OSt | ||
| 005 | 20140310184410.0 | ||
| 008 | 090424s2010 nyuabj j be 001 0 eng | ||
| 010 | _a 2009017169 | ||
| 020 | _a9781606310588 | ||
| 035 | _a(OCoLC)ocn320895379 | ||
| 040 |
_aDLC _cDLC _dBTCTA _dON8 _dNPL _dBNO _dDPL _dVP@ _dDLC |
||
| 042 | _alcac | ||
| 043 | _ae-gr--- | ||
| 050 | 0 | 0 |
_aBL 783 _b.B79 2010 |
| 100 | 1 |
_aBryant, Megan E. _926059 |
|
| 245 | 1 | 0 |
_aOh my gods! : _ba look-it-up guide to the gods of mythology / _cMegan E. Bryant. |
| 260 |
_aNew York, NY : _bScholastic : _bFranklin Watts, _c2010 |
||
| 300 |
_a128 p. : _bill. (chiefly col.), col. maps, col. geneal. table ; _c23 cm. |
||
| 490 | 1 | _aMythlopedia | |
| 504 | _aIncludes bibliographical references (p. 120-121) and index. | ||
| 520 | _aPresents a guide to Greek mythology, providing profiles of gods and goddesses along with information on monsters, heroes, and the underworld. | ||
| 521 | _aG8 | ||
| 526 | _c960 | ||
| 562 | _e1 | ||
| 650 | 0 |
_aGods, Greek _vEncyclopedias, Juvenile. _926060 |
|
| 650 | 0 |
_aMythology, Greek _vEncyclopedias, Juvenile. _926061 |
|
| 650 | 1 |
_aGods, Greek _vEncyclopedias. _926062 |
|
| 650 | 1 |
_aMythology, Greek _vEncyclopedias. _926063 |
|
| 830 | 0 |
_aMythlopedia. _926064 |
|
| 906 |
_a7 _bcbc _corignew _d1 _eecip _f20 _gy-gencatlg |
||
| 942 |
_2lcc _cBK-SCHOLAS |
||
| 999 |
_c34092 _d34092 |
||